000 00749nam a2200193Ii 4500
003 JO-AjNU
008 230605s9999||||xx |||||||||||||| ||und||
040 _aJO-AjNU
_bara
_erda
_cJO-AjNU
041 _aara
050 1 4 _aHD 3856 2014
100 3 _a( 2014 : عمان (الاردن)) تقرير لجنة تقييم التخاصية ,
_eauthor
_947398
245 0 0 _aتجربة الخصخصة في الاردن : تقييم الماضي لأجل المستقبل
264 3 1 _aعمان: لجنة تقييم التخاصبة، 2014
300 _a372ص
_bيحتوي على ملاحق
336 _atext
_btxt
_2rdacontent
337 _aunmediated
_bn
_2rdamedia
338 _avolume
_bnc
_2rdacarrier
650 4 _aالخصخصة - الاردن
_947399
999 _aA20689
_c24257
_d24257